000
00333nam a2200133Ia 4500
008
240624s9999 xx 000 0 und d
041
_a
eng
082
_a
659.1 JON
100
_a
JONES PHILIP JOHN
245
_a
ULTIMATE SECRETS OF ADVERTISING
260
_c
2001
_a
New Delhi
_b
Sage Publications
300
_a
256 : p.
365
_c
_b
30
999
_c
17354
_d
17354